| 000 | 00941nam a2200253 a 4500 | ||
|---|---|---|---|
| 003 | MX-MxUPN | ||
| 005 | 20220810112807.0 | ||
| 008 | 190613s2018 mx r 000 0 spa d | ||
| 020 | _a9786077881278 (BECENE) | ||
| 020 | _a9786078559602 (EÓN) | ||
| 035 | _aUPN01000231300 | ||
| 040 |
_aMX-MxUPN _bspa _cMX-MxUPN |
||
| 041 | 0 | _aspa | |
| 050 | 4 |
_aLB2844.53 M6.2 _bS2 |
|
| 100 | 1 |
_aHernández Ortiz, Francisco _933513 |
|
| 245 | 1 | 3 |
_aLa educación en San Luis Potosí : _bmaestros, gobierno, sindicato y otros actores educativos de 1876-1960 / _cFrancisco Hernández Ortiz. |
| 250 | _aPrimera edición. | ||
| 260 |
_aMéxico : _bBenemérita y Centenaria Escuela Normal del Estado de San Luis Potosí : _bEÓN, _c2018. |
||
| 300 | _a147 páginas | ||
| 650 | 4 |
_aSindicatos de maestros _zSan Luis Potosí _xHistoria _945638 |
|
| 650 | 4 |
_aSindicatos y educación _zSan Luis Potosí _xHistoria _945639 |
|
| 905 | _aLibro | ||
| 999 |
_c203395 _d203395 |
||